Geometry Dash - Most Downloaded Levels by Letter - C - Statistics

General Stats
  • This quiz has been taken 26 times
    6 since last reset
  • The average score is 8 of 20
Answer Stats
Publisher Difficulty Answer Downloads % Correct
Ggb0y Extreme Demon Cataclysm 63,300,000
100%
IIINePtunEIII Insane Cant let go v2 16,400,000
50%
IlhamAulia Harder Carnation 13,000,000
50%
SirHadoken Normal Chambers 61,500,000
50%
bli Easy Demon Change of Scene 19,200,000
50%
MooBee Auto Clutterfunk AUTO 11,400,000
50%
IIINePtunEIII Easy Demon Clutterfunk v2 14,000,000
50%
xtobe5 Normal ColorZ 28,000,000
50%
DavJT Hard Demon CraZy 19,200,000
50%
FunnyGame Easy Demon Crazy Bolt 9,900,000
50%
DavJT Insane Demon CraZy II 10,400,000
50%
DavJT Insane Demon CraZy III 22,300,000
50%
MasK463 Easy Demon Crescendo 35,100,000
50%
caio2000 Insane The {Creator} 14,100,000
50%
CastriX Easy Candescent 9,700,000
0%
TheRealDarnoc Easy Demon Chaoz Impact 9,700,000
0%
Extrox Hard Citrus 13,900,000
0%
Danolex Hard Colorblind 14,200,000
0%
izhar Hard Crazy Ball 13,300,000
0%
Florent Hard Crystal Blossoms 10,700,000
0%
No matching quizzes found
Score Distribution
Percent of People with Each Score
Percentile by Number Answered
Your Score History
You have not taken this quiz since the last reset